BIBLIOTHÈQUE DE LA MAISON DU MEXIQUE

Logo 1 Logo 2

Los de abajo (notice nᵒ 10363)

détails MARC
000 -Sello discográfico
campo de control de longitud fija 01115nam a2200385 4500
005 - Identificación de versión
campo de control 20251016082503.0
035 ## - Otros números de control del sistema
Número de control del sistema 17758
099 ## - fechas locales
Tipo de ítem Koha LIBRO
100 ## - Datos de procesamiento general
Datos de procesamiento general 20031223d1988 m y1spay5003 ba
105 ## - Campo de datos codificados: Material textual, monográfico
Datos codificados de monografía y 001ay
200 1# - Título y mención de responsabilidad
Título propio Los de abajo
Designación general del material texto impreso
Primer mención de responsabilidad Mariano Azuela
Declaración de responsabilidad subsiguiente edición crítica Jorge Ruffinelli
205 ## - Declaración de edición
Declaración de edición 1a ed
210 ## - Publicación, distribución, etc.
Lugar de publicación, distribución, etc. México
Nombre del editor, distribuidor, etc. Secretaría de Educación Pública
Fecha de publicación, distribución, etc. 1988
215 ## - Descripción física
Designación de material específico y extensión del ítem 306 p
Dimensiones 24 cm
318 ## - Nota de acción
Acción No se presta a domicilio
320 ## - Nota de índices/bibliografías internas
Texto de la nota Bibliografía: p.296-306
345 ## - Nota de información de adquisición
Fuente de adquisición/dirección de la suscripción [OBSOLETO] Donación
410 #1 - Series
Título Colección Archivos
Número de volumen 5
607 ## - Nombre geográfico utilizado como tema
Elemento de entrada México
Subdivisión temática Historia
Subdivisión cronológica 1910-1946
Subdivisión temática Novela
Número Koha 16882
660 ## - Código de área geográfica
Código MX
700 ## - Nombre personal - Responsabilidad primaria
Elemento de entrada Azuela González
Parte del nombre distinta del elemento de entrada Mariano
Fechas 1873-1952
Número Koha 2383
702 ## - Nombre personal - Responsabilidad secundaria
Elemento de entrada Ruffinelli
Parte del nombre distinta del elemento de entrada Jorge
Número Koha 16883
801 #0 - Fuente de origen
País FR
Agencia cm
Reglas de catalogación (convenciones descriptivas) AFNOR
900 ## -
-- 1/5724
900 ## -
-- 7100317486\231203
942 ## - ELEMENTOS DE ENTRADA SECUNDARIOS (KOHA)
Tipo de ítem Koha Livre
996 ## -
-- MEX
-- 751145101
-- MMAG
-- 003195
-- R860.6 A673 V.5
-- 20201016LIV
Exemplaires
Estatus retirado Estado de daño Estado de pérdida Fecha de adquisición Biblioteca de origen Biblioteca actual Ubicación en estantería Código de barras Precio de reemplazo Signatura topográfica completa No para préstamo Tipo de ítem Koha Nota pública Nota no pública
      05/08/2025 Casa México Paris Casa México Paris   003195 05/08/2025 R860.6 A673 V.5 No se presta a domicilio Livre 20201016LIV 751145101